000 00597nam a2200181 i 4500
001 54787
003 ES-MaACL
005 20250802013156.0
007 t|
008 040114s1926 sp |||| | spa d
100 1 _aGabriel y Galán, José María,
_d1870-1905
_953158
245 1 0 _aObras completas.
_n2,
_pReligiosas. Campesinas. Fragmentos /
_cJosé María Gabriel y Galán.
250 _a8ª ed.
260 _aMadrid :
_bLibrería y Editorial Madrid,
_c1926 (
_fSucesores de Rivadeneyra)
300 _a406 p. ;
_c19 cm.
852 _aES-MaACL
_jB-4045
999 _c54787
_d54787